LEADER 01163nam a2200277 i 4500 001 000000364245 003 CaOOAMICUS 005 20250910150451.0 008 250910s1979 ne u000 u mul u 020 $a0-444-85383-9 040 $aSeMil$bita 245 10$a4.3. 264 1$aAmsterdam ; Oxford :$bNorth Holland,$c1979. 300 $aVII, 224 p. :$bfacs. ;$c26 cm. 500 $aContiene: Moriae encomium id est stultitiae laus / ed. Clarence H. Miller 700 0 $aErasmus, Desiderius ,$d.$0(OLS)http://semarc/name/89173 700 1 $aMiller, Clarence Harvey,$d<1930-2019>.$0(OLS)http://semarc/name/9609 773 0 $tOpera omnia Desiderii Erasmi Roterodami. [Ordo quartus].$dAmsterdam [etc.] : North Holland $g2$w()21648 850 $aSeMil 852 $aSeMil$W1$xVenegono$y1$m2Q VI 40/3$j261676$B255127$CSeMilBibl$Z2$F255127 $81 900 0 $aErasmo : da Rotterdam. 996 $6020$a0-444-85383-9$9(OLS)http://semarc/number/53075 996 $6245$a4.3$9(OLS)http://semarc/title/118791 996 $6264$aAmsterdam ; Oxford :$bNorth Holland$9(OLS)http://semarc/publisher/43111 LEADER 00940nam a2200241 i 4500 001 000000150236 003 CaOOAMICUS 005 20060626000000.0 008 060626s1978 it u000 u ita u 013 $a127574 040 $aSeMil$bita 100 1 $aRicossa, Sergio,$d<1927-2016>.$0(OLS)http://semarc/name/90785 245 12$aI fuochisti della vaporiera :$bgli economisti del consenso /$cSergio Ricossa. 260 $aMilano :$bEditoriale Nuova,$c1978. 300 $a141 p. ;$c20 cm. 500 $aFondo Ciprandi. 650 4$aEconomia - Teorie.$0(OLS)http://semarc/subject/880 850 $aSeMil 852 $aSeMil$W1$xVenegono$y1$m3M I 80$j102394$B102394$CSeMilBibl$Z2$F113561 $81 941 1 $a1 961 $aOmaggio: Ciprandi dott. Paolo 996 $6245$aI fuochisti della vaporiera :$bgli economisti del consenso$9(OLS)http://semarc/title/219693 996 $6260$aMilano :$bEditoriale Nuova$9(OLS)http://semarc/publisher/39844